000 01198cam a22003617a 4500
003 CHAP
005 20220329133005.0
008 971013s1990 r 00010 d
010 _a1010
011 _a1982
035 _a1167
040 _cCHAP
090 _aTesis
100 0 0 _aLópez Yáñez, Leticia.
_968437
245 0 _aCercos vivos en zonas áridas
_b: agrosilvicultura en el desierto Chihuahuense
260 _aChapingo, Méx. :
_bEl autor,
_c1990
300 _a194 h.
_b: ilus.
502 _aTesis (Ing. Forestal) -- UACH. División de Ciencias Forestales
590 _aALEPH
_b10
_c20130110
_lUCH01
_h1207
590 _aBATCH-UPD
_b10
_c20130110
_lUCH01
_h0019
590 _aBATCH-UPD
_b10
_c20130110
_lUCH01
_h1730
590 _aBATCH-UPD
_b10
_c20130409
_lUCH01
_h1958
590 _aBATCH-UPD
_b10
_c20130410
_lUCH01
_h1112
590 _aBATCH-UPD
_b10
_c20130913
_lUCH01
_h2203
590 _aCONVERSION
_b10
_c20130109
_lUCH01
_h1302
650 1 4 _aAgroforestería.
_92156
650 1 4 _aBotánica
_xChihuahua.
_914513
650 1 4 _aCercos vivos.
_921351
650 1 4 _aDesierto de Chihuahua, Chih.
_932139
901 _aBK
942 _cTESIS
949 _bBC
_cTES
_d-10631
_eTS1
_h23164
_i1167
_si
999 _c1010
_d1010